Score 0/24 Timer 07:00
4 Plays Today
% Correct
The Bachelor
94.2%
Keeping Up with the Kardashians
91.5%
The Voice
91.2%
The X Factor
90.7%
Jersey Shore
87.5%
Survivor
87.2%
Here Comes Honey Boo Boo
85.5%
Duck Dynasty
84.9%
America's Next Top Model
82.5%
The Osbournes
78.5%
Fear Factor
73.7%
Queer Eye for the Straight Guy
71.4%
% Correct
Undercover Boss
70.8%
Project Runway
68.9%
Wipeout
68.9%
Ice Road Truckers
60.8%
Extreme Makeover: Home Edition
58.6%
Laguna Beach: The Real OC
54.7%
Newlyweds: Nick & Jessica
49.6%
Man vs. Wild
49.1%
The Girls Next Door
45.6%
RuPaul's Drag Race
44.2%
Celebrity Rehab with Dr. Drew
44.2%
Top Chef
40.2%
Remove Ads.
Support Sporcle.
Get the best of Sporcle when you Go Orange. This ad-free experience offers more features, more stats, and more fun while also helping to support Sporcle. Thank you for becoming a member.

You're not logged in!

Compare scores with friends on all Sporcle quizzes.
OR
Log In

Show Comments

Extras

Top Quizzes Today


Score Distribution

Your Account Isn't Verified!

In order to create a playlist on Sporcle, you need to verify the email address you used during registration. Go to your Sporcle Settings to finish the process.

Report this User

Report this user for behavior that violates our Community Guidelines.

Details: